<?xml version="1.0" encoding="UTF-8"?>
<collection xmlns="http://www.loc.gov/MARC21/slim">
 <record>
  <leader>01553nam a22002297a 4500</leader>
  <controlfield tag="001">NCT_54827</controlfield>
  <controlfield tag="008">181105b        xxu||||| |||| 00| 0 vie d</controlfield>
  <datafield tag="999" ind1=" " ind2=" ">
   <subfield code="c">2636</subfield>
   <subfield code="d">2636</subfield>
  </datafield>
  <datafield tag="020" ind1=" " ind2=" ">
   <subfield code="c">45000</subfield>
  </datafield>
  <datafield tag="082" ind1="0" ind2="4">
   <subfield code="2">23rd ed.</subfield>
   <subfield code="a">294.3444</subfield>
   <subfield code="b">H513</subfield>
  </datafield>
  <datafield tag="100" ind1="1" ind2=" ">
   <subfield code="a">Nguyễn Mạnh Hùng</subfield>
  </datafield>
  <datafield tag="245" ind1="1" ind2="0">
   <subfield code="a">Nhà máy sản xuất niềm vui</subfield>
   <subfield code="c">Nguyễn Mạnh Hùng</subfield>
  </datafield>
  <datafield tag="260" ind1=" " ind2=" ">
   <subfield code="a">H.</subfield>
   <subfield code="b">Lao động</subfield>
   <subfield code="c">2017</subfield>
  </datafield>
  <datafield tag="300" ind1=" " ind2=" ">
   <subfield code="a">158 tr.</subfield>
   <subfield code="c">19cm</subfield>
  </datafield>
  <datafield tag="520" ind1="3" ind2=" ">
   <subfield code="a">Sách &quot;qua những bài viết nhỏ, người đọc sẽ cảm nhận hạnh phúc thật giản đơn, không có gi phức tập, khó khăn để phải tìm kiếm ở một nơi nào đó xa xôi, khi ta biết học cách cho đi và buông xả, sống chánh niệm với những giây phút hiện tại bây giờ và tại đây&quot;</subfield>
  </datafield>
  <datafield tag="653" ind1=" " ind2=" ">
   <subfield code="a">Tham khảo</subfield>
  </datafield>
  <datafield tag="942" ind1=" " ind2=" ">
   <subfield code="2">ddc</subfield>
   <subfield code="c">BK</subfield>
  </datafield>
  <datafield tag="952" ind1=" " ind2=" ">
   <subfield code="0">0</subfield>
   <subfield code="1">0</subfield>
   <subfield code="2">ddc</subfield>
   <subfield code="4">0</subfield>
   <subfield code="6">294_344400000000000_H513</subfield>
   <subfield code="7">0</subfield>
   <subfield code="9">14805</subfield>
   <subfield code="a">000001</subfield>
   <subfield code="b">000001</subfield>
   <subfield code="d">2018-11-05</subfield>
   <subfield code="o">294.3444 H513</subfield>
   <subfield code="p">TK.00493</subfield>
   <subfield code="r">2018-11-05</subfield>
   <subfield code="v">45000.00</subfield>
   <subfield code="w">2018-11-05</subfield>
   <subfield code="y">BK</subfield>
  </datafield>
  <datafield tag="952" ind1=" " ind2=" ">
   <subfield code="0">0</subfield>
   <subfield code="1">0</subfield>
   <subfield code="2">ddc</subfield>
   <subfield code="4">0</subfield>
   <subfield code="6">294_344400000000000_H513</subfield>
   <subfield code="7">0</subfield>
   <subfield code="9">14806</subfield>
   <subfield code="a">000001</subfield>
   <subfield code="b">000001</subfield>
   <subfield code="d">2018-11-05</subfield>
   <subfield code="o">294.3444 H513</subfield>
   <subfield code="p">TK.00495</subfield>
   <subfield code="r">2018-11-05</subfield>
   <subfield code="v">45000.00</subfield>
   <subfield code="w">2018-11-05</subfield>
   <subfield code="y">BK</subfield>
  </datafield>
  <datafield tag="952" ind1=" " ind2=" ">
   <subfield code="0">0</subfield>
   <subfield code="1">0</subfield>
   <subfield code="2">ddc</subfield>
   <subfield code="4">0</subfield>
   <subfield code="6">294_344400000000000_H513</subfield>
   <subfield code="7">0</subfield>
   <subfield code="9">14820</subfield>
   <subfield code="a">000001</subfield>
   <subfield code="b">000001</subfield>
   <subfield code="d">2018-11-05</subfield>
   <subfield code="o">294.3444 H513</subfield>
   <subfield code="p">TK.00496</subfield>
   <subfield code="r">2018-11-05</subfield>
   <subfield code="v">45000.00</subfield>
   <subfield code="w">2018-11-05</subfield>
   <subfield code="y">BK</subfield>
  </datafield>
  <datafield tag="952" ind1=" " ind2=" ">
   <subfield code="0">0</subfield>
   <subfield code="1">0</subfield>
   <subfield code="2">ddc</subfield>
   <subfield code="4">0</subfield>
   <subfield code="6">294_344400000000000_H513</subfield>
   <subfield code="7">0</subfield>
   <subfield code="9">14821</subfield>
   <subfield code="a">000001</subfield>
   <subfield code="b">000001</subfield>
   <subfield code="d">2018-11-05</subfield>
   <subfield code="o">294.3444 H513</subfield>
   <subfield code="p">TK.00494</subfield>
   <subfield code="r">2018-11-05</subfield>
   <subfield code="v">45000.00</subfield>
   <subfield code="w">2018-11-05</subfield>
   <subfield code="y">BK</subfield>
  </datafield>
  <datafield tag="980" ind1=" " ind2=" ">
   <subfield code="a">Thư viện Trường Đại học Nam Cần Thơ</subfield>
  </datafield>
 </record>
</collection>
